000 00520nam a2200181Ia 4500
005 20250326143300.0
008 250326s9999 xx 000 0 und d
037 _aTextbook
040 _aFMSL
_beng
_cFMSL
041 _aeng
_2eng
084 _aX:9 P4
_qFMSL
100 _aLawler Iii E E
_9741752
245 0 _aHuman resources business process outsourcing
_cLawler Iii E E And Others
260 _aCanada
_bCanada, Jossey-Bass
_c2004
300 _a238p
942 _cTB
_hX:9 P4
999 _c1298899
_d1298899